000 01126nam0a2200301 4500
001 RU\NLR\bibl\69530
005 20250616094726.0
010 _a5-7873-0005-6
_91000
021 _aRU
_b1999-35870
_91766
035 _a(NLR Aleph) 000067831
090 _a372616
_c372616
100 _a20000210d1999 |||y0rusy50 ca
101 1 _arus
_ceng
102 _aRU
105 _aa |||||||||
200 1 _aУправление проектами Time-to-Profit: Руководство для менеджеров проектов разработки новой продукции
_fЭдвард Дж. Ферн
_g[Пер.: Мария Клавдиева]
210 _aМ.
_cТехнологии Упр. Спайдер
_d1999
215 _a180,[2] с.
_cил.
_d22
320 _aБиблиогр. в конце кн.
606 0 _aПроекты
_xУправление
_91734110
_3RU\NLR\auth\661071500
686 _aУ21(0)
700 1 _aФерн
_bЭ. Д.
_gЭдвард Дж.
_4070
801 0 _aRU
_bNLR
_c20000210
_gPSBO
801 1 _aRU
_bNLR
_c20000210
852 _aNLR
_j99-5/4630
942 _cBOOK
980 _aNB